La Prostitution à Paris / (Record no. 161423)

MARC details
000 -LEADER
campo de control de longitud fija 00686nam a22002052i 4500
001 - NÚMERO DE CONTROL
campo de control 161423
003 - IDENTIFICADOR DE NÚMERO DE CONTROL
campo de control ES-MaACL
005 - FECHA Y HORA DE LA ÚLTIMA TRANSACCIÓN
campo de control 20251014063233.0
008 - DATOS DE LONGITUD FIJA--INFORMACIÓN GENERAL
campo de control de longitud fija 940602s1900 fr |||| | fre d
040 ## - FUENTE DE CATALOGACIÓN
Centro catalogador/agencia de origen CAT
Lengua de catalogación spa
Centro/agencia transcriptor CAT
Centro/agencia modificador CCPB
080 #4 - NÚMERO DE LA CLASIFICACIÓN DECIMAL UNIVERSAL
Número de la Clasificación Decimal Universal 392
100 1# - ENTRADA PRINCIPAL--NOMBRE DE PERSONA
Nombre de persona Parent-Duchâtelet, Alexandre Jean Baptiste,
Fechas asociadas al nombre 1790-1836
9 (RLIN) 130851
245 13 - MENCIÓN DEL TÍTULO
Título La Prostitution à Paris /
Mención de responsabilidad, etc. par le Dr. Parent-Duchatelet.
250 ## - MENCION DE EDICION
Mención de edición Nouv. éd.
260 ## - PUBLICACIÓN, DISTRIBUCIÓN, ETC.
Lugar de publicación, distribución, etc. Paris :
Nombre del editor, distribuidor, etc. Pierre Fort,
Fecha de publicación, distribución, etc. [s.a.]
300 ## - DESCRIPCIÓN FÍSICA
Extensión 360, 8 p. ;
Dimensiones 18 cm.
596 #1 - NOTA AL PIE DE IMPRENTA
NOTA AL PIE DE IMPRENTA NUC lo data en 1900.
852 ## - LOCALIZACIÓN
Ubicación ES-MaACL
Número de control de estantería B-13453
Nota libre -- Rúst., falto de la cub. ant.
Encuadernación -- Edic.: en la cub. consta 1900
Holdings
Estatus retirado Estado de pérdida Estado de daño No para préstamo Biblioteca de origen Biblioteca actual Ubicación en estantería Fecha de adquisición Fuente de adquisición Total de préstamos Signatura topográfica completa Código de barras Visto por última vez Precio de reemplazo Tipo de ítem Koha
        Biblioteca del Ateneo de Madrid Biblioteca del Ateneo de Madrid Sala Pardo Bazán 17/01/2008     B-13453 1169087 23/02/2023 23/02/2023 Libro impreso